000 01432cam a22002174a 4500
005 20250605163934.0
008 250528s ||||||||||||||||||||||||d
035 _a14802
020 _a961013230
040 _aGR-AtMCL
_bgre
_dGR-AtMCL
_eAACR2
245 1 _aLove Sex and Communication / Skills for Recovery
250 _a1st
260 _bVivation Publishing Co,
_c1990
300 _a310
520 _aThis book is what your parents would have told you about love and sex if they hadn't been so confused, embarrassed and ashamed of it. Introduction, Dedication, Acknowledgements, Theory and Methods for Emotional Recovery, The Structure of Your Mind, The Operation of Your Mind, The Mind and the Body, Doing vs. Feeling, Suppression, How Suppression Causes Addiction, Activation, Integration, Taking Action by Yourself, Understanding Your Emotion, Identifying Unconsios Patterns of Behavior and Thought, Interaction with Your Lover's Patterns, Sex, Rights and Boundaries, How to Enjoy Being Single, Communication Skills for Singles, The Dating Game, Getting Serious, Leaving, Taking Action with Your Partner, Communication Skills for Couples, Couples and Money, Building a Functional Family, Applying Emotional Resolution to Your Love Life Vivation, Advanced Vivation Techniques, Living Happily Ever After.
700 1 _aLaut Phil
_9565
700 1 _aMiller Jeanne
_9566
942 _cBK
999 _c418
_d418